MARC

LEADER 00000nam0a2200000 4500
001 6854
005 20231101204514.0
010 |a 5288017506 
035 |a (RuTPU)RU\TPU\book\6894 
035 |a BOOK00006951 
090 |a 6854 
100 |a 20011209d1997 km y0rusy50 ca 
101 0 |a rus 
102 |a RU 
105 |a y z 000zy 
200 1 |a Психология настроения  |f Л. В. Куликов 
210 |a СПб.  |c Изд-во СПбГУ  |d 1997 
215 |a 226 с. 
606 1 |a Эмоции (психология)  |2 stltpush  |3 (RuTPU)RU\TPU\subj\21177  |9 46208 
610 1 |a психология 
610 1 |a настроение 
610 1 |a личность 
610 1 |a психическое состояние 
686 |a Ю935.2  |v LBC/SL-A  |2 rubbk 
700 1 |a Куликов  |b Л. В.  |g Леонид Васильевич 
801 0 |a RU  |b 63413507  |c 20011209  |g PSBO 
801 2 |a RU  |b 63413507  |c 20120220  |g PSBO 
900 |a Психология 
942 |c BK